000 00468nam a2200169Ia 4500
008 240729s9999 xx 000 0 und d
022 _a1464-5157
245 0 _aInternational Journal of Hyperthermia
260 _aUnited Kingdom
260 _bTaylor & Francis Group
650 _a Medical technology
650 _a Medicine (General)
650 _aMedicine
856 _uhttps://doaj.org/toc/7d96e18f87cd4b7d8f6a5a21902205ab
942 _2ddc
942 _cDOAJEJ
999 _c69062
_d69062
945 _a1
_bMadushi Gamage
_c1
_dMadushi Gamage